000 00574nam a2200229Ia 4500
003 OSt
005 20220924150711.0
006 a|||||r|||| 00| 0
007 ta
008 220923b |||||||| |||| 00| 0 tel d
024 _a334237
037 _cTextual
040 _aARTS
_cARTS
_btel
041 _2tel
_atel
082 _aO35,2NKO,2, K8
100 _aRao Kondala
_9222717
245 0 _aKukkapilladorikindi
260 _c1968
650 _aTELUGU DRAMA
_9173432
942 _hO35,2NKO,2, K8
_cTEXL
_2CC
999 _c464212
_d464212